La Revolución de los genes /

Uloženo v:
Podrobná bibliografie
Hlavní autor: Mores, Fernando
Médium: Text
Témata:
Tagy: Přidat tag
Žádné tagy, Buďte první, kdo vytvoří štítek k tomuto záznamu!

MARC

LEADER 00000 a a2200000 04500
001 750
003
040
100 |a Mores, Fernando  
245 |a La Revolución de los genes /  |c Fernando Mores 
650 |a INGENIERIA GENETICA  
650 |a CIENCIA Y TECNOLOGIA  
650 |a ETICA  
773 |g volumen 26, número 356; páginas 12-15  
999 |c 27361  |d 27361